000
00278nam a2200097Ia 4500
005
20251222114341.0
008
251222s1900||||xx |||||||||||||| ||spa||
082
_a
DVD192.1/U61/2005
245
0
_a
Caja de letras: para una exploración de la literatura infantil y juvenil:
942
_c
DVD
999
_c
873
_d
873